[Event "44th Rilton Cup 2014-15"]
[Site "Stockholm SWE"]
[Date "2015.01.04"]
[Round "8.18"]
[White "Sjodahl, Pontus"]
[Black "Nielsen, Rogvi Egilstoft"]
[Result "1/2-1/2"]
[WhiteTitle "IM"]
[WhiteElo "2421"]
[BlackElo "2284"]
[WhiteFideId "1700537"]
[BlackFideId "7200447"]
[EventDate "2014.12.27"]

1. d4 e6 2. c4 f5 3. g3 Nf6 4. Bg2 d6 5. Nf3 Be7 6. O-O O-O 7. b3 Qe8 8. Bb2 Qh5
9. Nc3 g5 10. Ne1 Nc6 11. e3 Qh6 12. Qd2 Ng4 13. h3 Nf6 14. d5 Ne5 15. f4 Ng6
16. dxe6 c6 17. e4 Nh5 18. exf5 Nxg3 19. fxg6 Nxf1 20. gxh7+ Qxh7 21. Bxf1 Bxe6
22. Qe3 Bf5 23. fxg5 Rae8 24. Qg3 Bd8 25. Na4 d5 26. Nf3 Re3 27. Re1 Bc7 28. Qf2
Rxe1 29. Qxe1 Bxh3 30. Bf6 Bxf1 31. Qe6+ Qf7 32. Qxf7+ Kxf7 33. Kxf1 dxc4 34.
bxc4 b5 35. cxb5 cxb5 36. Nc3 Bd8 37. Bxd8 Rxd8 38. Nxb5 Rd5 39. Nxa7 Ra5 40.
Nc6 Rxa2 41. Nce5+ Kg7 42. Nd4 Ra5 43. Nf5+ Kf8 44. Ng6+ Kf7 45. Nge7 Rxf5+ 46.
Nxf5 Kg6 47. Kg2 Kxg5 1/2-1/2

[Event "44th Rilton Cup 2014-15"]
[Site "Stockholm SWE"]
[Date "2015.01.04"]
[Round "8.19"]
[White "Cederstam Barsk, Carl"]
[Black "Vandenbussche, Thibaut"]
[Result "1/2-1/2"]
[WhiteTitle "FM"]
[BlackTitle "FM"]
[WhiteElo "2317"]
[BlackElo "2418"]
[WhiteFideId "1713329"]
[BlackFideId "204412"]
[EventDate "2014.12.27"]

1. d4 g6 2. c4 Bg7 3. e4 d6 4. Nf3 e5 5. Bg5 Ne7 6. Nc3 h6 7. Be3 Bg4 8. d5 f5
9. h3 Bxf3 10. Qxf3 O-O 11. Bd3 Nd7 12. O-O-O c6 13. Kb1 fxe4 14. Qxe4 Nf6 15.
Qh4 g5 16. Qg3 cxd5 17. Nxd5 Nexd5 18. cxd5 e4 19. Bc2 Rc8 20. h4 g4 21. Bd4 Rc4
22. Bb3 Rxd4 23. Rxd4 Qb6 24. Rd2 Qb4 25. Rc2 a5 26. a3 Qb5 27. Bc4 Qb6 28. Re1
Kh8 29. Qe3 Qd8 30. Bb5 Qe7 31. f3 gxf3 32. gxf3 Qe5 33. fxe4 Ng4 34. Qc3 Qe7
35. Qxa5 Qxh4 36. Rg1 Ne3 37. Qc7 Be5 38. Re2 Qxe4+ 39. Ka1 Qd4 40. Rh1 Bg7 41.
Qxd6 Nf5 42. Qe6 Qc5 43. a4 Qa3+ 44. Kb1 Qf3 45. Reh2 Rf6 46. Qc8+ Rf8 47. Qxb7
Qe4+ 48. Ka1 Nd6 49. Rxh6+ Bxh6 50. Rxh6+ Kg8 51. Rxd6 Rf1+ 52. Ka2 Qb1+ 53. Ka3
Qa1+ 54. Kb3 Qd1+ 55. Kb4 Qd2+ 56. Ka3 Ra1+ 57. Kb3 Qd1+ 58. Kc3 Rc1+ 59. Kb4
Qd2+ 60. Kb3 Qd1+ 61. Kb4 Qd2+ 62. Kb3 Qd1+ 63. Kb4 Qd2+ 64. Kb3 Qd1+ 1/2-1/2

[Event "44th Rilton Cup 2014-15"]
[Site "Stockholm SWE"]
[Date "2015.01.04"]
[Round "8.20"]
[White "Johansson, Linus"]
[Black "Olund, Joar"]
[Result "1-0"]
[WhiteTitle "FM"]
[BlackTitle "FM"]
[WhiteElo "2391"]
[BlackElo "2291"]
[WhiteFideId "1711113"]
[BlackFideId "1714848"]
[EventDate "2014.12.27"]

1. e4 Nf6 2. e5 Ng8 3. Nf3 d6 4. d4 dxe5 5. Nxe5 Nd7 6. Bd3 Ngf6 7. O-O g6 8.
Bc4 e6 9. Qe2 Nb6 10. Bb3 Qxd4 11. Nc3 Bg7 12. Rd1 Qc5 13. Qb5+ Qxb5 14. Nxb5
Nfd5 15. Nc4 Nxc4 16. Bxc4 Bd7 17. Bxd5 Bxb5 18. Bxb7 Rb8 19. Be4 f5 20. Bd3
Bxd3 21. Rxd3 O-O 22. Rb1 e5 23. Kf1 c5 24. Ke2 e4 25. Rb3 Rxb3 26. axb3 f4 27.
Ke1 g5 28. Ra1 Rf7 29. Ra4 Re7 30. g3 Be5 31. Ke2 Bd6 32. Ra6 Rd7 33. Ra4 Re7
34. Bd2 e3 35. Bc3 exf2+ 36. Kxf2 h5 37. Ra6 Rd7 38. Rc6 Kf7 39. gxf4 Bxf4 40.
Rxc5 Ke6 41. h4 gxh4 42. Rxh5 Bg3+ 43. Ke2 Rc7 44. b4 Re7 45. b5 Kf7+ 46. Kf3
Kg6 47. Rd5 Rf7+ 48. Kg4 Rf4+ 49. Kh3 Rf2 50. Rd2 Rf5 51. Rd7 Bf2 52. Rd6+ Kh7
53. Kg2 Bb6 54. Kh3 Bf2 55. Rf6 Rxf6 56. Bxf6 Kg6 57. Bxh4 1-0

[Event "44th Rilton Cup 2014-15"]
[Site "Stockholm SWE"]
[Date "2015.01.04"]
[Round "8.21"]
[White "Hedman, Erik"]
[Black "Sarandos, Vasilios"]
[Result "1-0"]
[WhiteTitle "FM"]
[WhiteElo "2375"]
[BlackElo "2245"]
[WhiteFideId "1702351"]
[BlackFideId "4203542"]
[EventDate "2014.12.27"]

1. d4 Nf6 2. c4 c5 3. d5 e5 4. Nc3 d6 5. e4 Be7 6. g3 a6 7. a4 Nbd7 8. Bg2 h5 9.
h4 g6 10. Nh3 Nf8 11. f3 Bd7 12. Be3 N8h7 13. Qd2 Rb8 14. Nf2 Ng8 15. f4 f6 16.
Bf3 Nf8 17. Qe2 Qc8 18. f5 gxf5 19. Bxh5+ Kd8 20. exf5 Bxf5 21. Nfe4 b6 22.
O-O-O Kc7 23. Bf3 Bd7 24. Qd2 Qe8 25. a5 f5 26. axb6+ Kc8 27. Nxc5 dxc5 28. d6
Ne6 29. b7+ Kd8 30. dxe7+ Qxe7 31. Nd5 Qf7 32. Qa5+ Ke8 33. Nc7+ Ke7 34. Nxe6
Qxe6 35. Bxc5+ Ke8 36. Qc7 1-0

[Event "44th Rilton Cup 2014-15"]
[Site "Stockholm SWE"]
[Date "2015.01.04"]
[Round "8.22"]
[White "Gagarin, Vasilij"]
[Black "Jere, Daniel"]
[Result "1/2-1/2"]
[WhiteTitle "IM"]
[BlackTitle "IM"]
[WhiteElo "2289"]
[BlackElo "2370"]
[WhiteFideId "4103610"]
[BlackFideId "8700249"]
[EventDate "2014.12.27"]

1. d4 Nf6 2. c4 g6 3. Nc3 Bg7 4. Bg5 d6 5. e3 O-O 6. Be2 c5 7. Nf3 h6 8. Bh4
cxd4 9. Nxd4 a5 10. O-O Nbd7 11. Rc1 Nc5 12. Qc2 a4 13. Rfd1 Qa5 14. h3 Bd7 15.
Bf3 Rfc8 16. Qd2 Bc6 17. Nxc6 bxc6 18. Rb1 g5 19. Bg3 Nfd7 20. h4 Ne5 21. hxg5
hxg5 22. e4 Nxc4 23. Qxg5 Nxb2 24. Rxb2 Qxc3 25. Re2 Qf6 26. Qxf6 Bxf6 27. e5
dxe5 28. Bxe5 Kg7 29. Bxf6+ Kxf6 30. Rc2 Ra5 31. Rdc1 Nd3 32. Rxc6+ Rxc6 33.
Rxc6+ e6 34. Rc3 Nc5 35. Kf1 Ke5 36. Ke2 Kd4 37. Kd2 Rb5 38. Kc2 Rb8 39. Be2 f5
40. a3 e5 41. Rc4+ Kd5 42. Rb4 Rh8 43. Bc4+ Kc6 44. Bb5+ Kc7 45. Bxa4 Rh2 46.
Kd2 Rxg2 47. Ke3 f4+ 48. Kf3 Rh2 49. Rb5 Kc6 50. Ra5+ Kd5 51. Bc2 Kd4 52. Bf5
Nb3 53. Ra4+ Kc3 54. Ra8 Nd2+ 55. Ke2 Nb3 56. Kf3 Kd2 57. Ke4 Ke2 58. f3 Nd2+
59. Kxe5 Ke3 60. Bg4 Nxf3+ 61. Kd5 Rd2+ 62. Kc5 Rg2 63. Bxf3 Kxf3 64. Rf8 Ra2
65. Kb4 Ke3 66. a4 f3 67. a5 f2 68. Kb5 Ra1 69. a6 f1=Q+ 70. Rxf1 Rxf1 71. a7 1/2-1/2

[Event "44th Rilton Cup 2014-15"]
[Site "Stockholm SWE"]
[Date "2015.01.04"]
[Round "8.23"]
[White "Luukkonen, Tommi"]
[Black "Gajic, Mladen"]
[Result "1/2-1/2"]
[WhiteTitle "FM"]
[WhiteElo "2334"]
[BlackElo "2210"]
[WhiteFideId "501808"]
[BlackFideId "1709178"]
[EventDate "2014.12.27"]

1. e4 Nf6 2. e5 Nd5 3. d4 d6 4. Nf3 dxe5 5. Nxe5 c6 6. Be2 Bf5 7. O-O Nd7 8. Nf3
e6 9. a3 Bd6 10. Re1 Nf4 11. Bf1 Qf6 12. Nc3 Qg6 13. Bxf4 Bxf4 14. Nh4 Qf6 15.
Nxf5 Qxf5 16. Qf3 O-O 17. Bd3 Qf6 18. Ne4 Qh6 19. g3 Bc7 20. h4 g6 21. Kg2 Qg7
22. Rad1 h6 23. Bc4 Kh8 24. g4 Rad8 25. g5 h5 26. c3 f5 27. gxf6 Nxf6 28. Nxf6
Rxf6 29. Qe3 Rdf8 30. Re2 Rf4 31. Bxe6 Re8 32. d5 cxd5 33. Rxd5 Qf6 34. f3 Qxh4
35. Rd4 Qg5+ 36. Kf1 Rxe6 37. Qxe6 Rxf3+ 38. Rf2 Rxf2+ 39. Kxf2 Bb6 40. Qc8+ Kg7
41. Qxb7+ Kh6 42. Qe4 h4 43. Kf1 Bxd4 44. Qxd4 Qf5+ 45. Kg2 g5 46. Qh8+ Kg6 47.
Qg8+ Kf6 48. Qf8+ Ke5 49. Qc5+ Kf6 50. Qf8+ Kg6 51. Qg8+ Kh5 52. Qe8+ 1/2-1/2

[Event "44th Rilton Cup 2014-15"]
[Site "Stockholm SWE"]
[Date "2015.01.04"]
[Round "8.24"]
[White "Couso, Luis"]
[Black "Lissang, Christopher"]
[Result "1-0"]
[WhiteTitle "FM"]
[WhiteElo "2328"]
[BlackElo "2273"]
[WhiteFideId "1702920"]
[BlackFideId "1709615"]
[EventDate "2014.12.27"]

1. c4 e6 2. Nf3 Nf6 3. g3 d5 4. Bg2 Be7 5. O-O O-O 6. b3 d4 7. Bb2 c5 8. b4 a5
9. bxc5 Nc6 10. Na3 e5 11. Nb5 Be6 12. Qc2 Nd7 13. Ba3 Bxc5 14. Bxc5 Nxc5 15. d3
Qe7 16. Rfe1 Rad8 17. a3 f5 18. Nd2 a4 19. Rad1 Kh8 20. Nf3 f4 21. e3 fxe3 22.
fxe3 Bg4 23. exd4 Bxf3 24. Bxf3 Rxf3 25. dxc5 Qxc5+ 26. Kg2 Rdf8 27. Rf1 Rxf1
28. Rxf1 Rd8 29. Qxa4 Rxd3 30. Qc2 Rd8 31. Qe4 h6 32. Rf7 Rd2+ 33. Kh3 Nd8 34.
Rf5 Ne6 35. Qxe5 Qc6 36. Qe3 Qg2+ 37. Kg4 Re2 38. Qf3 Re4+ 39. Kh5 Rh4+ 40. Kxh4
Qxh2+ 41. Kg4 g6 42. Rf8+ Nxf8 43. Qxf8+ Kh7 44. Qf7+ Kh8 45. Qxg6 Qe2+ 46. Kf5
Qf1+ 47. Ke5 1-0

[Event "44th Rilton Cup 2014-15"]
[Site "Stockholm SWE"]
[Date "2015.01.04"]
[Round "8.25"]
[White "Habu, Yoshiharu"]
[Black "Merkesvik, Sondre"]
[Result "1-0"]
[WhiteTitle "FM"]
[WhiteElo "2415"]
[BlackElo "2218"]
[WhiteFideId "7000537"]
[BlackFideId "1514350"]
[EventDate "2014.12.27"]

1. e4 c5 2. Nf3 d6 3. d4 cxd4 4. Nxd4 Nf6 5. Nc3 g6 6. Be3 Bg7 7. f3 O-O 8. Qd2
Nc6 9. g4 Qa5 10. h4 h5 11. Nb3 Qd8 12. gxh5 Nxh5 13. O-O-O a6 14. Rg1 Be6 15.
f4 Bxb3 16. cxb3 b5 17. Kb1 b4 18. Nd5 a5 19. Be2 a4 20. bxa4 Rxa4 21. Bxh5 Qa5
22. Rg5 e5 23. b3 Ra3 24. Bb6 Qa8 25. f5 Kh8 26. f6 Bh6 27. Bxg6 fxg6 28. Rh5
gxh5 29. Qxh6+ Kg8 30. Qg7# 1-0

[Event "44th Rilton Cup 2014-15"]
[Site "Stockholm SWE"]
[Date "2015.01.04"]
[Round "8.26"]
[White "Thingstad, Even"]
[Black "Furhoff, Johan"]
[Result "1-0"]
[BlackTitle "IM"]
[WhiteElo "2243"]
[BlackElo "2321"]
[WhiteFideId "1506439"]
[BlackFideId "1701797"]
[EventDate "2014.12.27"]

1. d4 d5 2. c4 c6 3. Nf3 Nf6 4. Nc3 e6 5. Bg5 dxc4 6. e4 b5 7. e5 h6 8. Bh4 g5
9. Nxg5 hxg5 10. Bxg5 Nbd7 11. g3 Bb7 12. Bg2 Qb6 13. exf6 O-O-O 14. O-O c5 15.
d5 b4 16. Na4 Qa6 17. a3 Bxd5 18. Bxd5 Ne5 19. axb4 Rxd5 20. Qe2 cxb4 21. Nc3
Ra5 22. Rxa5 Qxa5 23. Ne4 Nd3 24. Be3 Qh5 25. f3 Kb7 26. h4 Qe5 27. b3 Rg8 28.
Kh2 Qb2 29. Qxb2 Nxb2 30. Bd4 Nd3 31. bxc4 e5 32. Ba1 Nc5 33. Ng5 a5 34. Nxf7 a4
35. Nxe5 a3 36. Rb1 b3 37. Nd3 b2 38. Nxb2 axb2 39. Rxb2+ Kc7 40. Re2 Bd6 41. f4
Nd7 42. Be5 Rf8 43. c5 Nxc5 44. g4 Bxe5 45. fxe5 Kd7 46. g5 Ke6 47. g6 Ra8 48.
Kg3 Nd7 49. f7 Ra3+ 50. Kg4 Ra1 51. Kg5 Nf8 52. h5 Rh1 53. Rf2 1-0

[Event "44th Rilton Cup 2014-15"]
[Site "Stockholm SWE"]
[Date "2015.01.04"]
[Round "8.27"]
[White "Szente Varga, Fruzsina"]
[Black "Larsson, Anders"]
[Result "1-0"]
[WhiteElo "2202"]
[BlackElo "2304"]
[WhiteFideId "712264"]
[BlackFideId "1712128"]
[EventDate "2014.12.27"]

1. e4 e6 2. d4 d5 3. Nd2 Be7 4. Bd3 c5 5. dxc5 Nf6 6. Qe2 Nc6 7. Ngf3 Nb4 8. Nb3
Nxd3+ 9. cxd3 O-O 10. O-O a5 11. a4 b6 12. e5 Nd7 13. c6 Nc5 14. Nbd4 Ba6 15.
Nb5 Nxa4 16. Rxa4 Bxb5 17. Rg4 Bxc6 18. Bh6 g6 19. Bxf8 Bxf8 20. h4 Be8 21. h5
Bg7 22. hxg6 fxg6 23. Ng5 Qe7 24. Qe3 Rb8 25. Rc1 a4 26. Rh4 h6 27. Nf3 b5 28.
b4 axb3 29. Rb1 g5 30. Rh1 Bg6 31. Rxb3 b4 32. Kh2 Be8 33. Ra1 g4 34. Ne1 Qc7
35. d4 Bf8 36. Nd3 Bg6 37. Rc1 Qc4 38. Nb2 Qa6 39. Nd3 Bf5 40. Rcb1 Qc4 41. R1b2
Rb7 42. Ne1 Qc8 43. Qd2 Qc4 44. Nc2 Bxc2 45. Qxc2 Qxd4 46. Qg6+ Kh8 47. Qxe6 Re7
48. Qf6+ Kg8 49. Rxb4 Qxe5+ 50. Qxe5 Rxe5 51. Rxg4+ Kf7 52. Rf4+ Kg7 53. Rb7+
Be7 54. Rd7 Kg6 55. Ra4 Bf6 56. Rd6 Rh5+ 57. Kg3 Rf5 58. f4 d4 59. Raxd4 Kh5 60.
R4d5 Bg5 61. fxg5 hxg5 62. Rh6+ 1-0

[Event "44th Rilton Cup 2014-15"]
[Site "Stockholm SWE"]
[Date "2015.01.04"]
[Round "8.28"]
[White "Dragicevic, Drazen"]
[Black "Rydstrom, Tom"]
[Result "0-1"]
[WhiteTitle "FM"]
[WhiteElo "2289"]
[BlackElo "2243"]
[WhiteFideId "1707922"]
[BlackFideId "1714830"]
[EventDate "2014.12.27"]

1. Nf3 d5 2. g3 Nf6 3. Bg2 Nbd7 4. c4 e6 5. b3 Bd6 6. O-O O-O 7. Nc3 c6 8. d4
Re8 9. Bb2 b6 10. Qc2 Bb7 11. Rad1 c5 12. cxd5 exd5 13. Nh4 cxd4 14. Nb5 Bf8 15.
Nf5 Nc5 16. Bxd4 Qd7 17. Nc3 Nce4 18. Nxe4 Nxe4 19. Nxg7 Bxg7 20. Bxg7 Qf5 21.
Qb2 Rac8 22. Bd4 Ng5 23. Rc1 Ba6 24. Rxc8 Rxc8 25. Rc1 Rxc1+ 26. Qxc1 Bxe2 27.
Ba1 Bf3 28. Qc3 Qb1+ 29. Bf1 Nh3# 0-1

[Event "44th Rilton Cup 2014-15"]
[Site "Stockholm SWE"]
[Date "2015.01.04"]
[Round "8.29"]
[White "Wikner, Arvid"]
[Black "Norlin, Egor"]
[Result "0-1"]
[WhiteElo "2281"]
[BlackElo "2186"]
[WhiteFideId "1702262"]
[BlackFideId "1713973"]
[EventDate "2014.12.27"]

1. e4 e6 2. d4 d5 3. Nc3 Bb4 4. exd5 exd5 5. Bd3 Ne7 6. a3 Bxc3+ 7. bxc3 Bf5 8.
Rb1 b6 9. Ne2 O-O 10. O-O Bxd3 11. Qxd3 Nbc6 12. Re1 Qd7 13. Nf4 Rfe8 14. Nh5
Qf5 15. Qxf5 Nxf5 16. Bf4 Nd6 17. Bxd6 cxd6 18. Nf4 Ne7 19. Re3 Kf8 20. Rbe1 h6
21. Kf1 g5 22. Nh5 Ng8 23. Rf3 Rxe1+ 24. Kxe1 Re8+ 25. Kd2 Re6 26. h4 gxh4 27.
Rh3 Nf6 28. Nxf6 Rxf6 29. Ke3 Re6+ 30. Kf3 Re4 31. Rh1 Kg7 32. a4 Re7 33. Rxh4
Rc7 34. Rg4+ Kf6 35. Rh4 Rxc3+ 36. Kf4 Rxc2 37. Rxh6+ Ke7 38. Kg3 Rc4 39. a5
bxa5 40. Rh8 a4 41. Rb8 Rxd4 42. Rb7+ Ke6 43. Rxa7 Rd3+ 44. Kf4 a3 45. g4 f6 46.
Ra5 Rb3 47. Ra4 Rc3 48. Ra7 Rc2 49. Rxa3 Rxf2+ 50. Ke3 Rf1 51. Ra8 Re1+ 52. Kf3
Rf1+ 53. Ke3 d4+ 54. Kxd4 Rf4+ 55. Ke3 Rxg4 56. Re8+ Kf5 57. Rd8 Re4+ 58. Kd3
Re6 59. Kd4 Re1 60. Kc3 Rd1 61. Kc2 Rd5 62. Kc3 Kf4 0-1

[Event "44th Rilton Cup 2014-15"]
[Site "Stockholm SWE"]
[Date "2015.01.04"]
[Round "8.30"]
[White "Kvisvik, Brede"]
[Black "Kassani, Sam"]
[Result "0-1"]
[WhiteTitle "FM"]
[WhiteElo "2275"]
[BlackElo "2086"]
[WhiteFideId "1502999"]
[BlackFideId "1709089"]
[EventDate "2014.12.27"]

1. d4 d5 2. c4 c6 3. cxd5 cxd5 4. Bf4 Nf6 5. e3 Nc6 6. Nc3 a6 7. Bd3 e6 8. Rc1
Qb6 9. Nf3 Qxb2 10. O-O Ba3 11. e4 Qb4 12. Rc2 Qa5 13. exd5 Nxd5 14. Nxd5 Qxd5
15. Ne5 Nxe5 16. Bxe5 Bd7 17. Re1 Qa5 18. Bc7 Qg5 19. Qf3 Ba4 20. Rce2 Bc6 21.
Be4 Bxe4 22. Rxe4 Bb4 23. Rg4 Qe7 24. Qxb7 O-O 25. Be5 f6 26. Qxe7 Bxe7 27. Bf4
Kf7 28. Rh4 h6 29. Rh3 Rfd8 30. Rhe3 Bb4 31. Rd1 e5 32. Rb3 Bc5 33. Be3 exd4 34.
Rbd3 dxe3 0-1

[Event "44th Rilton Cup 2014-15"]
[Site "Stockholm SWE"]
[Date "2015.01.04"]
[Round "8.31"]
[White "Henriksson, Johan"]
[Black "Haug, Johannes"]
[Result "1/2-1/2"]
[WhiteTitle "FM"]
[WhiteElo "2267"]
[BlackElo "2121"]
[WhiteFideId "1703560"]
[BlackFideId "1509268"]
[EventDate "2014.12.27"]

1. d4 Nf6 2. Nf3 g6 3. g3 Bg7 4. Bg2 O-O 5. O-O d5 6. c4 c6 7. cxd5 cxd5 8. Nc3
Ne4 9. e3 f5 10. Qb3 e6 11. Ne5 Bxe5 12. dxe5 Nc6 13. f4 Nxc3 14. Qxc3 Qa5 15.
Rd1 Qxc3 16. bxc3 Na5 17. Bf1 Bd7 18. c4 Ba4 19. Rd4 Nxc4 20. Bxc4 dxc4 21. Rxc4
Bb5 22. Rc5 Bc6 23. Bb2 Rfd8 24. Bd4 Rd5 25. Rac1 Rxc5 26. Bxc5 Bd5 27. a3 Rc8
28. Rc3 b6 29. Bd4 Rxc3 30. Bxc3 Kf7 31. Bb4 Ke8 32. Kf2 Kd7 33. Ke2 Bc4+ 34.
Kd2 Kc6 35. Bd6 Kd5 36. Bb8 a6 37. Ba7 b5 38. Kc3 Ke4 39. Bc5 Kf3 40. a4 Kg4 41.
h4 Kxg3 42. Be7 a5 43. axb5 Bxb5 44. Bd8 Bc6 45. Be7 Bd5 46. Kb2 Kf2 47. Bc5 Kf3
48. Ka3 Bc6 49. Kb3 Be8 50. Ka3 h6 51. Bb6 a4 52. Kb4 Ke4 53. Ka3 g5 54. fxg5 h5
55. g6 Bxg6 56. Kxa4 Kxe5 57. Kb3 Ke4 58. Kc3 e5 59. Kd2 Kf3 60. Bc7 Kg3 61.
Bxe5+ Kxh4 62. Ke2 Kh3 63. Kf2 Be8 64. Bd6 Bc6 65. Be5 Kg4 66. Kg1 h4 67. Kh2 h3
68. Bd4 Bg2 69. Bc5 Kf3 70. Bb6 Ke4 71. Ba7 1/2-1/2

[Event "44th Rilton Cup 2014-15"]
[Site "Stockholm SWE"]
[Date "2015.01.04"]
[Round "8.32"]
[White "Mikalsen, Erlend"]
[Black "Bergstrom, Rolf"]
[Result "1-0"]
[BlackTitle "FM"]
[WhiteElo "2164"]
[BlackElo "2262"]
[WhiteFideId "1507338"]
[BlackFideId "1702386"]
[EventDate "2014.12.27"]

1. e4 c5 2. Nf3 e6 3. d4 cxd4 4. Nxd4 a6 5. Nc3 Qc7 6. Be2 Nf6 7. O-O Bc5 8. Be3
O-O 9. f4 d6 10. Kh1 b5 11. Bf3 e5 12. Nf5 Bxe3 13. Nxe3 Bb7 14. fxe5 dxe5 15.
Ncd5 Nxd5 16. exd5 Qc5 17. Qd2 Nd7 18. Nf5 Rae8 19. Be4 f6 20. Rf3 g6 21. Rg3
Nb6 22. Qh6 Rf7 23. Nd6 Ree7 24. Nxf7 Rxf7 25. Bxg6 1-0

[Event "44th Rilton Cup 2014-15"]
[Site "Stockholm SWE"]
[Date "2015.01.04"]
[Round "8.33"]
[White "Adler, Bo"]
[Black "Tomov, Georgi"]
[Result "0-1"]
[BlackTitle "FM"]
[WhiteElo "2210"]
[BlackElo "2257"]
[WhiteFideId "1702149"]
[BlackFideId "2908964"]
[EventDate "2014.12.27"]

1. d4 e6 2. c4 f5 3. Nc3 Nf6 4. f3 Bb4 5. e3 O-O 6. Bd3 d6 7. Qc2 Bxc3+ 8. bxc3
c5 9. Ne2 Nc6 10. O-O b6 11. Bd2 Ba6 12. Nf4 Qe8 13. d5 Nd8 14. dxe6 Nxe6 15.
Nd5 g6 16. e4 Nxd5 17. exd5 Nc7 18. a4 Nxd5 19. Rfe1 Ne7 20. Bg5 Rf7 21. Qe2 Qd7
22. a5 Nc6 23. axb6 axb6 24. f4 Kg7 25. Qf3 h6 26. Bh4 Bb7 27. Rxa8 Bxa8 28. Bc2
Qc8 29. Qd3 Na5 30. Bd1 Be4 31. Qf1 Qe6 32. Be2 Nb3 33. Rd1 Ra7 34. Bd3 Ra2 35.
Bf2 Kf7 36. Re1 Rd2 37. Bxe4 fxe4 38. Rb1 Na5 39. Rxb6 e3 40. Be1 Rd1 41. Qe2
Rc1 42. h3 Nxc4 43. Rb7+ Kf6 44. Kh2 Qe4 45. Bh4+ g5 46. Qh5 Qxb7 47. Qxh6+ Kf5
48. Qxg5+ Ke4 49. Qg6+ Kd5 50. Qd3+ Kc6 51. Qxc4 Qb1 52. Qa6+ Kd5 53. Be7 Rh1+
54. Kg3 Qe1+ 55. Kg4 Qd1+ 56. Kg5 e2 57. Qxd6+ Ke4 58. Qg6+ Ke3 59. Bxc5+ Kd2
60. Qd6+ Kc2 61. Qg6+ Qd3 62. Bf2 Rh2 63. Qc6 Kd2 64. Qa8 Qc4 65. Qb7 Rxg2+ 66.
Kh5 Rxf2 67. Qb2+ Ke3 68. Qb6+ Kf3 0-1

[Event "44th Rilton Cup 2014-15"]
[Site "Stockholm SWE"]
[Date "2015.01.04"]
[Round "8.34"]
[White "Lindbergh, Theodor"]
[Black "Johansson, Gunnar"]
[Result "0-1"]
[WhiteElo "2128"]
[BlackElo "2231"]
[WhiteFideId "1716956"]
[BlackFideId "1703501"]
[EventDate "2014.12.27"]

1. d4 d5 2. c4 c6 3. cxd5 cxd5 4. Nf3 Nf6 5. Nc3 Nc6 6. g3 Bf5 7. Bg2 e6 8. O-O
Bd6 9. Qb3 a6 10. Bf4 O-O 11. Bxd6 Qxd6 12. Na4 Ne4 13. Rac1 b5 14. Nc5 Nxc5 15.
dxc5 Qc7 16. Rfd1 Be4 17. Bh3 Rfd8 18. Ng5 Bg6 19. Bg2 h6 20. Nh3 Rd7 21. Nf4
Bf5 22. Qc3 Rad8 23. Qe1 b4 24. e4 dxe4 25. Rxd7 Qxd7 26. Bxe4 Bxe4 27. Qxe4 e5
28. Ng2 Qd2 29. Rb1 Qd5 30. Qxd5 Rxd5 31. Rc1 Rd2 32. Ne3 Rxb2 33. Rc2 Rxc2 34.
Nxc2 Kf8 35. Kf1 Ke7 36. Ke2 Ke6 37. Ne3 e4 0-1

[Event "44th Rilton Cup 2014-15"]
[Site "Stockholm SWE"]
[Date "2015.01.04"]
[Round "8.35"]
[White "Naslund, Mikael"]
[Black "Ertan, Can"]
[Result "0-1"]
[WhiteTitle "FM"]
[BlackTitle "FM"]
[WhiteElo "2150"]
[BlackElo "2224"]
[WhiteFideId "1708260"]
[BlackFideId "6306330"]
[EventDate "2014.12.27"]

1. d4 Nf6 2. c4 e6 3. Nc3 Bb4 4. e3 O-O 5. Ne2 d5 6. a3 Bd6 7. c5 Be7 8. b4 c6
9. Bb2 a5 10. Nf4 Nbd7 11. Be2 b6 12. O-O Ba6 13. Nd3 Qc7 14. Qd2 Rfb8 15. Na4
Bc4 16. cxb6 Nxb6 17. Nac5 Bd6 18. f4 Nbd7 19. Bc3 Bxc5 20. dxc5 Ne4 21. Qc2
Nxc3 22. Qxc3 Nf6 23. Rfb1 Qa7 24. Bf1 Ne4 25. Qc1 axb4 26. axb4 Qb7 27. Rxa8
Rxa8 28. Ne5 Bxf1 29. Kxf1 Ra2 30. b5 Nd2+ 31. Kg1 Nxb1 32. Qxb1 Ra5 33. b6 Rxc5
34. Qb4 Rb5 35. Qd6 Qxb6 36. Kf2 Rb3 37. Kg3 g5 38. Kg4 Qb4 39. Qxc6 Rxe3 40.
Kxg5 Qe7+ 41. Kg4 Qf6 0-1

[Event "44th Rilton Cup 2014-15"]
[Site "Stockholm SWE"]
[Date "2015.01.04"]
[Round "8.37"]
[White "Hammar, Bengt"]
[Black "Vistisen, Lars"]
[Result "0-1"]
[WhiteTitle "FM"]
[WhiteElo "2211"]
[BlackElo "2129"]
[WhiteFideId "1700391"]
[BlackFideId "1404598"]
[EventDate "2014.12.27"]

1. e4 e5 2. Nf3 Nc6 3. Bb5 f5 4. Nc3 fxe4 5. Nxe4 Nf6 6. Nxf6+ Qxf6 7. O-O Nd4
8. Nxd4 exd4 9. Re1+ Be7 10. Qh5+ g6 11. Qh6 c6 12. d3 Kf7 13. Bf4 Bf8 14. Qh3
Qxf4 15. Re4 Qf6 16. Qg3 Bd6 17. Bc4+ Kg7 18. Qg4 Rf8 19. Qe2 Bc7 20. Re7+ Kh8
21. Re1 Bd8 22. Re8 d5 23. Qe5 Qxe5 24. R1xe5 Kg7 0-1

[Event "44th Rilton Cup 2014-15"]
[Site "Stockholm SWE"]
[Date "2015.01.04"]
[Round "8.38"]
[White "Svorono, Gabriel"]
[Black "Thompson, Ian D"]
[Result "1/2-1/2"]
[BlackTitle "FM"]
[WhiteElo "1884"]
[BlackElo "2195"]
[WhiteFideId "1715623"]
[BlackFideId "405205"]
[EventDate "2014.12.27"]

1. e4 e6 2. d3 d5 3. Qe2 Nf6 4. Nf3 dxe4 5. dxe4 b6 6. e5 Ba6 7. c4 Nfd7 8. g3
Nc6 9. Bg2 Bb7 10. O-O Be7 11. Nc3 O-O 12. h4 Qc8 13. Bf4 Rd8 14. Rfe1 Nc5 15.
Rad1 a6 16. Ng5 h6 17. Nge4 Nd4 18. Qg4 Nf5 19. Nxc5 bxc5 20. Rxd8+ Bxd8 21. Ne4
Be7 22. Rd1 Kf8 23. Qf3 Rb8 24. Qa3 Qe8 25. b3 Qc6 26. Qa5 g5 27. hxg5 hxg5 28.
Bc1 Kg7 29. Ba3 Qb6 30. Qxb6 cxb6 31. Bb2 Rd8 32. Rxd8 Bxd8 33. Nd6 Bxg2 34.
Nxf5+ exf5 35. Kxg2 f6 36. f4 gxf4 37. gxf4 fxe5 38. Bxe5+ Kf7 39. Kf3 Ke6 40.
Ke3 b5 41. Kd3 Ba5 42. a4 1/2-1/2

[Event "44th Rilton Cup 2014-15"]
[Site "Stockholm SWE"]
[Date "2015.01.04"]
[Round "8.39"]
[White "Engstrom, Kaj"]
[Black "Berglind, Axel"]
[Result "0-1"]
[WhiteElo "2261"]
[BlackElo "1972"]
[WhiteFideId "1701134"]
[BlackFideId "1720228"]
[EventDate "2014.12.27"]

1. e4 c5 2. c3 Nf6 3. e5 Nd5 4. d4 cxd4 5. Nf3 Nc6 6. cxd4 d6 7. Nc3 dxe5 8.
dxe5 Nxc3 9. Qxd8+ Kxd8 10. bxc3 Bg4 11. Be2 e6 12. h3 Bxf3 13. Bxf3 Nxe5 14.
Bxb7 Rb8 15. Ba6 Rb6 16. Be2 Bc5 17. Bf4 Ng6 18. Bg3 Ke7 19. O-O Rb2 20. Ba6 Rd8
21. Rfb1 Rdd2 22. Rxb2 Rxb2 23. a4 f5 24. Rf1 f4 25. Bh2 e5 26. Bb5 Ra2 27. g3
h5 28. Kg2 Kf6 29. Be8 fxg3 30. Bxg3 h4 31. Bh2 Ne7 32. Re1 Rxf2+ 33. Kh1 Bd6
34. Bd7 Nf5 35. Rd1 Bc5 36. Bxf5 Rxf5 37. c4 e4 38. Bc7 e3 39. Bd8+ Be7 40.
Bxe7+ Kxe7 41. Kg2 Rf2+ 42. Kg1 e2 43. Rd7+ Kxd7 44. Kxf2 Kc6 45. Kxe2 Kc5 46.
Kf3 Kxc4 47. Kg4 Kb4 48. Kxh4 Kxa4 49. Kg5 Kb5 50. Kg6 a5 51. Kxg7 a4 52. h4 a3
53. h5 a2 54. h6 a1=Q+ 55. Kg8 Qa8+ 56. Kg7 Qb7+ 57. Kg8 Qc8+ 58. Kg7 Qd7+ 59.
Kg8 Qd8+ 60. Kg7 Qg5+ 0-1